Chambers Book Of Cricket Facts/ (Record no. 210696)

MARC details
000 -LEADER
fixed length control field 00571nam a2200181 4500
005 - DATE AND TIME OF LATEST TRANSACTION
control field 20250402165254.0
010 ## - LCCN (DPL NO)
LC control number ENG-144438
020 ## - INTERNATIONAL STANDARD BOOK NUMBER
International Standard Book Number 9789357312868
Terms of availability 499.00
035 ## - SYSTEM CONTROL NUMBER
System control number EN-127970
037 ## - SOURCE OF ACQUISITION
Source of stock number/acquisition DBAD
082 ## - DEWEY DECIMAL CLASSIFICATION NUMBER
Classification number 796.358
100 ## - MAIN ENTRY--PERSONAL NAME
Personal name Ganguly, Swayam
245 ## - TITLE STATEMENT
Title Chambers Book Of Cricket Facts/
Statement of responsibility, etc Swayam Ganguly
260 ## - PUBLICATION, DISTRIBUTION, ETC. (IMPRINT)
Place of publication, distribution, etc Gurugram
Name of publisher, distributor, etc Hachette Books Publishing
Date of publication, distribution, etc 2024
270 ## - ADDRESS
Address 4th and 5th Floor, Corporate Centre, Plot No.-94, Sector 44,
City Gurugram
Postal code 122003
300 ## - PHYSICAL DESCRIPTION
Extent 277p.
Dimensions 20cm(pb)
942 ## - ADDED ENTRY ELEMENTS (KOHA)
Source of classification or shelving scheme Dewey Decimal Classification
Item type English Books
Classification part 796.358
Call number suffix GAN
Holdings
Withdrawn status Lost status Not for loan Collection code Home library Current library Date acquired Source of acquisition Cost, normal purchase price Full call number Barcode Copy number Cost, replacement price Koha item type
      Non-fiction Ashok Vihar Ashok Vihar 02/04/2025 Delivery of Books Act Division 499.00 796.358 GAN EN-127970 1 499.00 English Books

© Delhi Public Library
Hit Counter
free hit counter